Pediatric cardiology : (Record no. 89899)
[ view plain ]
| 000 -LEADER | |
|---|---|
| fixed length control field | 02410nam a2200409 i 4500 |
| 001 - CONTROL NUMBER | |
| control field | ebr10837585 |
| 003 - CONTROL NUMBER IDENTIFIER | |
| control field | CaPaEBR |
| 006 - FIXED-LENGTH DATA ELEMENTS--ADDITIONAL MATERIAL CHARACTERISTICS--GENERAL INFORMATION | |
| fixed length control field | m o d |
| 007 - PHYSICAL DESCRIPTION FIXED FIELD--GENERAL INFORMATION | |
| fixed length control field | cr cn||||||||| |
| 008 - FIXED-LENGTH DATA ELEMENTS--GENERAL INFORMATION | |
| fixed length control field | 131108s2014 enka obf 001 0 eng|d |
| 020 ## - INTERNATIONAL STANDARD BOOK NUMBER | |
| Cancelled/invalid ISBN | 9781118503386 (Adobe PDF) |
| Cancelled/invalid ISBN | 9781118503409 (pbk.) |
| International Standard Book Number | 9781118503386 (e-book) |
| 040 ## - CATALOGING SOURCE | |
| Original cataloging agency | CaPaEBR |
| Language of cataloging | eng |
| Description conventions | rda |
| -- | pn |
| Transcribing agency | CaPaEBR |
| 035 ## - SYSTEM CONTROL NUMBER | |
| System control number | (OCoLC)862929216 |
| 050 14 - LIBRARY OF CONGRESS CALL NUMBER | |
| Classification number | RJ421 |
| Item number | .J64 2014eb |
| 082 04 - DEWEY DECIMAL CLASSIFICATION NUMBER | |
| Classification number | 618.92/12 |
| Edition number | 23 |
| 100 1# - MAIN ENTRY--PERSONAL NAME | |
| Personal name | Johnson, Walter H., |
| Titles and other words associated with a name | Jr. |
| 245 10 - TITLE STATEMENT | |
| Title | Pediatric cardiology : |
| Remainder of title | the essential pocket guide / |
| Statement of responsibility, etc | Walter H. Johnson Jr., James H. Moller. |
| 250 ## - EDITION STATEMENT | |
| Edition statement | Third edition. |
| 264 #1 - PRODUCTION, PUBLICATION, DISTRIBUTION, MANUFACTURE, AND COPYRIGHT NOTICE | |
| Place of production, publication, distribution, manufacture | Chichester, West Sussex : |
| Name of producer, publisher, distributor, manufacturer | John Wiley & Sons, |
| Date of production, publication, distribution, manufacture, or copyright notice | 2014. |
| 300 ## - PHYSICAL DESCRIPTION | |
| Extent | 1 online resource (402 pages) : |
| Other physical details | illustrations |
| 336 ## - CONTENT TYPE | |
| Content type term | text |
| Source | rdacontent |
| 337 ## - MEDIA TYPE | |
| Media type term | computer |
| Source | rdamedia |
| 338 ## - CARRIER TYPE | |
| Carrier type term | online resource |
| Source | rdacarrier |
| 504 ## - BIBLIOGRAPHY, ETC. NOTE | |
| Bibliography, etc | Includes bibliographical references and index. |
| 505 0# - FORMATTED CONTENTS NOTE | |
| Formatted contents note | Tools to diagnose cardiac conditions in children -- Environmental and genetic conditions associated with heart disease in children -- Classification and physiology of congenital heart disease in children -- Anomalies with a left-to-right shunt in children -- Conditions obstructing blood flow in children -- Congenital heart disease with a right-to-left shunt in children -- Unusual forms of congenital heart disease in children -- Unique cardiac conditions in newborn infants -- The cardiac conditions acquired during childhood -- Abnormalities of heart rate and conduction in children -- Congestive heart failure in infants and children -- A healthy life style and preventing heart disease in children. |
| 588 ## - SOURCE OF DESCRIPTION NOTE | |
| Source of description note | Description based on print version record. |
| 590 ## - LOCAL NOTE (RLIN) | |
| Local note | Electronic reproduction. Palo Alto, Calif. : ebrary, 2015. Available via World Wide Web. Access may be limited to ebrary affiliated libraries. |
| 650 #0 - SUBJECT ADDED ENTRY--TOPICAL TERM | |
| Topical term or geographic name as entry element | Pediatric cardiology. |
| Topical term or geographic name as entry element | Heart |
| General subdivision | Diseases. |
| 655 #0 - INDEX TERM--GENRE/FORM | |
| Genre/form data or focus term | Electronic books. |
| 700 1# - ADDED ENTRY--PERSONAL NAME | |
| Personal name | Moller, James H., |
| Dates associated with a name | 1933- |
| 776 08 - ADDITIONAL PHYSICAL FORM ENTRY | |
| Display text | Print version: |
| Main entry heading | Johnson, Walter H. |
| Title | Pediatric cardiology : the essential pocket guide. |
| Place, publisher, and date of publication | Chichester, West Sussex : John Wiley & Sons, 2014 |
| Physical description | viii, 392 pages |
| International Standard Book Number | 9781118503409 |
| Record control number | (DLC)10837585 |
| 797 2# - LOCAL ADDED ENTRY--CORPORATE NAME (RLIN) | |
| Corporate name or jurisdiction name as entry element | ebrary. |
| 856 40 - ELECTRONIC LOCATION AND ACCESS | |
| Uniform Resource Identifier | <a href="http://site.ebrary.com/lib/rucke/Doc?id=10837585">http://site.ebrary.com/lib/rucke/Doc?id=10837585</a> |
| Public note | An electronic book accessible through the World Wide Web; click to view |
No items available.
